01362nam a22003374a 4500001001200000003000800012006001900020007001500039008004100054010001700095020002700112020003000139040002100169035002100190050002200211082001900233100002000252245012800272260009400400300001700494504005100511533015200562650003100714650003200745650003200777650002600809655002900835710001700864856012600881999001701007ebr10015208CaPaEBRm u cr cn|||||||||000214s2000 enk sb 001 0 eng  z 00023342  z0333803051 (Macmillan) z0312234090 (St. Martin's) aCaPaEBRcCaPaEBR a(OCoLC)55933805614aHN28b.H45 2000eb04a361.6/1/012211 aHewitt, Martin.10aWelfare and human natureh[electronic resource] :bthe human subject in twentieth-century social politics /cMartin Hewitt. aHoundmills, Basingstoke, Hampshire :bMacmillan ;aNew York :bSt. Martin's Press,c2000. aviii, 210 p. aIncludes bibliographical references and index. aElectronic reproduction.bPalo Alto, Calif. :cebrary,d2013.nAvailable via World Wide Web.nAccess may be limited to ebrary affiliated libraries. 0aSocial policyxPhilosophy. 0aPublic welfarexPhilosophy. 0aHuman behaviorxPhilosophy. 0aPolitical psychology. 7aElectronic books.2local2 aebrary, Inc.40uhttp://site.ebrary.com/lib/rucke/Doc?id=10015208zAn electronic book accessible through the World Wide Web; click to view c11408d11408